Logo BPK

Biblioteka

Politechniki Koszalińskiej

Der Prozess / (Rekord nr 45939)

Szczegóły MARC
000 -ETYKIETA REKORDU
podpole kontrolne o stałej długości 00717nam a2200229 i 4500
001 - NUMER KONTROLNY REKORDU
pole kontrolne bg
020 ## - MIĘDZYNARODOWY ZNORMALIZOWANY NUMER KSIĄŻKI - ISBN
ISBN 3872912003
040 ## - ŹRÓDŁO KATALOGOWANIA
Instytucja, która utworzyła rekord BPK
041 0# - KOD JĘZYKA
Kod języka tekstu ger
080 ## - UNIWERSALNA KLASYFIKACJA DZIESIĘTNA - UKD
UKD 821.112.2(436)-3
920 ## - Międzynarodowy znormalizowany numer książki – ISBN
ISBN 3-87291-200-3
008 - POLE O STAŁEJ DŁUGOŚCI - DANE KONTROLNE
podpole kontrolne o stałej długości s pl f |000 0 pol
100 1# - NAZWA OSOBOWA
Nazwa osobowa KAFKA, Franz
Daty związane z nazwą (1883-1924)
245 10 - TYTUŁ/ODPOWIEDZIALNOŚĆ
Tytuł Der Prozess /
Pozostałe elementy strefy tytułu i oznaczenia odpowiedzialności Franz Kafka.
260 ## - STREFA ADRESU WYDAWNICZEGO
Miejsce wydania Hamburg :
Nazwa wydawcy/dystrybutora Hamburger Lesehefte Verl.,
Data publikacji, dystrybucji/powstania dokumentu 2004.
300 ## - STREFA OPISU FIZYCZNEGO
Objętość 248 s. :
Inne cechy fizyczne 1 faks., 1 fot. ;
Rozmiary 20 cm.
490 1# - STREFA SERII I DOKUMENTU WIELOCZĘŚCIOWEGO - FORMA NIE DO WYSZUKIWANIA
Tytuł i oznaczenie odpowiedzialności serii Hamburger Lesehefte ;
Numeracja w obrębie serii 201
650 #9 - HASŁO PRZEDMIOTOWE W FORMIE NAZWY OGÓLNEJ LUB JEDNOSTKOWEJ
Nazwa ogólna lub geograficzna Powieść austriacka
Określnik chronologiczny 20 w.
830 ## - HASŁO DODATKOWE SERII LUB DOKUMENTU WIELOCZĘŚCIOWEGO - TYTUŁ UJEDNOLICONY
Tytuł ujednolicony Hamburger Lesehefte ;
856 ## - LOKALIZACJA I DOSTĘP DO ELEKTRONICZNYCH DOKUMENTÓW ZDALNYCH
Link (URL) http://koha.tu.koszalin.pl/cgi-bin/koha/opac-detail.pl?biblionumber=45939
Tekst linku Katalog online BPK
942 ## - DODATKOWE ELEMENTY (KOHA)
Typ dokumentu Książka
Egzemplarze
Wycofany Status egzemplarza Uszkodzony Dostępność Lokalizacja stała Lokalizacja bieżąca Miejsce przechowywania Sygnatura Kod kreskowy Typ dokumentu
      Dostępny Biblioteka Politechniki Koszalińskiej Biblioteka Politechniki Koszalińskiej Wypożyczalnia BG 75304 02256764 Książka
      Dostępny Biblioteka Politechniki Koszalińskiej Biblioteka Politechniki Koszalińskiej Wypożyczalnia BG 75305 02256757 Książka
© 2023 Biblioteka Politechniki Koszalińskiej :: KOHA